| 000 | 00506nam a2200181Ia 4500 | ||
|---|---|---|---|
| 003 | 0100 | ||
| 005 | 20150407132905.0 | ||
| 008 | 130303s9999 xx 000 0 und d | ||
| 040 | _cARRUPELIB | ||
| 050 | _aQ175.B57 1969 | ||
| 100 |
_aBlackwell, Richard J _916899 |
||
| 245 | _aDiscovery in the physical sciences | ||
| 260 |
_aNotre Dame _bUniversity of Notre Dame Press _c1969 |
||
| 300 | _axii | ||
| 300 | _b 240p. 23cm. | ||
| 650 |
_bHegel's concept of experience _916900 |
||
| 942 |
_2lcc _cMONOGRAPH |
||
| 999 |
_c34463 _d34463 |
||